00629nam a22002057a 450000500170000001000130001702000220003003500130005203700160006504000120008108200160009324500750010926000400018427000530022430000250027750000190030265000570032165000280037870000170040620170124110114.0 aA-827931 c00.00a8170206804 aA-827931 bCen Lib/Ret aDPLbEN a954.96bPAK aPakistan occupied Kashmir under the jackboot /cedited by Jasjit Singh bCosmo Publicationsc1995aNew Delhi a24-B, Ansari Road, Darya GanjbNew Delhie110002 avii,219p. c20cm(Hb) aIncludes index aJammu and Kashmir (India) -- Politics and government aPolitics and government aJasjit Singh